Discurso leido por el Excmo. Sr. D. Francisco Romero y Robledo, Presidente de la Real Academia de Jurisprudencia y Legislación en la sesión inagural del curso de 1883 á 1884 celebrada en 25 de noviembre de 1883. (Record no. 163943)

MARC details
000 -LEADER
campo de control de longitud fija 00939nam a22001935i 4500
001 - NÚMERO DE CONTROL
campo de control 163943
003 - IDENTIFICADOR DE NÚMERO DE CONTROL
campo de control ES-MaACL
005 - FECHA Y HORA DE LA ÚLTIMA TRANSACCIÓN
campo de control 20260127062552.0
008 - DATOS DE LONGITUD FIJA--INFORMACIÓN GENERAL
campo de control de longitud fija 990219s1883 sp |||| | spa d
040 ## - FUENTE DE CATALOGACIÓN
Centro catalogador/agencia de origen CCPB | B
Lengua de catalogación spa
Centro/agencia transcriptor CCPB | B
100 1# - ENTRADA PRINCIPAL--NOMBRE DE PERSONA
Nombre de persona Romero Robledo, Francisco,
Fechas asociadas al nombre 1838-1906
9 (RLIN) 99432
245 10 - MENCIÓN DEL TÍTULO
Título Discurso leido por el Excmo. Sr. D. Francisco Romero y Robledo, Presidente de la Real Academia de Jurisprudencia y Legislación en la sesión inagural del curso de 1883 á 1884 celebrada en 25 de noviembre de 1883.
260 ## - PUBLICACIÓN, DISTRIBUCIÓN, ETC.
Lugar de publicación, distribución, etc. Madrid :
Nombre del editor, distribuidor, etc. [s.n.],
Fecha de publicación, distribución, etc. 1883 (
Fabricante Imp. del Ministerio de Gracia y Justicia)
300 ## - DESCRIPCIÓN FÍSICA
Extensión 45 p. ;
Dimensiones 24 cm.
700 ## - ENTRADA AGREGADA--NOMBRE PERSONAL
Nombre de persona Real Academia de Jurisprudencia y Legislación de España
9 (RLIN) 217612
852 ## - LOCALIZACIÓN
Ubicación ES-MaACL
Número de control de estantería L-4909(16-8)
Nota libre -- Enc. hol. conservando la cub. original
-- -- Donativo Roda
852 ## - LOCALIZACIÓN
Ubicación ES-MaACL
Número de control de estantería T-377-F-24
Nota libre -- Enc. hol.
-- -- Enc. en un vol. facticio
Holdings
Estatus retirado Estado de pérdida Estado de daño No para préstamo Colección Biblioteca de origen Biblioteca actual Ubicación en estantería Fecha de adquisición Total de préstamos Signatura topográfica completa Código de barras Visto por última vez Precio de reemplazo Tipo de ítem Koha
        Colección de folletos Biblioteca del Ateneo de Madrid Biblioteca del Ateneo de Madrid Depósito folletos 17/01/2008   T-377-F-24 1171823 23/02/2023 23/02/2023 Folleto
        Libros del s. XIX Biblioteca del Ateneo de Madrid Biblioteca del Ateneo de Madrid Depósito 2 17/01/2008   L-4909(16-8) 1171822 23/02/2023 23/02/2023 Libro impreso antiguo